Catalog

Record Details

Catalog Search



The Handbook of Neuropsychiatric Biomarkers, Endophenotypes and Genes Neuroanatomical and Neuroimaging Endophenotypes and Biomarkers  Cover Image E-book E-book

The Handbook of Neuropsychiatric Biomarkers, Endophenotypes and Genes [electronic resource] : Neuroanatomical and Neuroimaging Endophenotypes and Biomarkers / edited by Michael S. Ritsner.

Record details

  • ISBN: 9781402098314
  • Physical Description: online resource.
  • Publisher: Dordrecht : Springer Netherlands, 2009.
Subject: Medicine.
Human genetics.
Neurosciences.
Neurology.
Psychiatry.
Biomedicine.
Neurosciences.
Psychiatry.
Neurology.
Human Genetics.
Biomedicine general.

Electronic resources


LDR 01521nam a22004335i 4500
00114161
003CONS
00520131219084016.0
007cr nn 008mamaa
008100301s2009 ne | s |||| 0|eng d
020 . ‡a9781402098314 ‡9978-1-4020-9831-4
0247 . ‡a10.1007/978-1-4020-9831-4 ‡2doi
035 . ‡a(DE-He213)978-1-4020-9831-4
050 4. ‡aRC321-580
072 7. ‡aPSAN ‡2bicssc
072 7. ‡aMED057000 ‡2bisacsh
1001 . ‡aRitsner, Michael S. ‡eeditor.
24514. ‡aThe Handbook of Neuropsychiatric Biomarkers, Endophenotypes and Genes ‡h[electronic resource] : ‡bNeuroanatomical and Neuroimaging Endophenotypes and Biomarkers / ‡cedited by Michael S. Ritsner.
264 1. ‡aDordrecht : ‡bSpringer Netherlands, ‡c2009.
300 . ‡bonline resource.
336 . ‡atext ‡btxt ‡2rdacontent
337 . ‡acomputer ‡bc ‡2rdamedia
338 . ‡aonline resource ‡bcr ‡2rdacarrier
347 . ‡atext file ‡bPDF ‡2rda
650 0. ‡aMedicine.
650 0. ‡aHuman genetics.
650 0. ‡aNeurosciences.
650 0. ‡aNeurology.
650 0. ‡aPsychiatry.
65014. ‡aBiomedicine.
65024. ‡aNeurosciences.
65024. ‡aPsychiatry.
65024. ‡aNeurology.
65024. ‡aHuman Genetics.
65024. ‡aBiomedicine general.
7102 . ‡aSpringerLink (Online service)
7730 . ‡tSpringer eBooks
77608. ‡iPrinted edition: ‡z9781402098307
85640. ‡uhttp://biblioteca.ipicyt.edu.mx:2048/login?url=http://dx.doi.org/10.1007/978-1-4020-9831-4 ‡yTexto completo ‡9CONS
950 . ‡aBiomedical and Life Sciences (Springer-11642)
901 . ‡a14161 ‡b ‡c14161 ‡tbiblio ‡sSystem Local

Additional Resources